000 01086nas a2200349 4500
001 BR0905831
003 BR-BrBNA
005 20231205113744.0
007 ta
008 230509b bl.|||p| |||| 00| 00por d
040 _aBR-BrBNA
_bpor
_cBiblioteca Nacional de Agricultura
041 _a(Pt)
072 _aH20; H10
100 1 _aMiranda, M.P. de
100 1 _aViola, D.N.
100 1 _aMarques, R.N.
100 1 _aBonani, J.P.
100 1 _aLopes, J.B.S.
245 1 _aLocais e períodos de alimentação da cigarrinha vetora de Xylella fastidiosa, Bucephalogonia xanthophis (Berg)(Hemiptera: Cicadellidae), em mudas cítricas
650 _aFRUTA CÍTRICA
650 _aLARANJA DOCE
650 _aMUDA
650 _aDOENÇA DE PLANTA
650 _aXYLELLA FASTIDIOSA
650 _aBACTÉRIA
650 _aCIGARRINHA
650 _aVETOR
650 _aHÁBITO ALIMENTAR
773 0 _tRevista Brasileira de Fruticultura (Brazil)
_xISSN 0100 2945
_g(Dec 2009), v. 30(4) p. 913-918
_wBR0905831
909 _a202311
_bLúcia
_c55
_dLúcia Elande
942 _2AGRIS
_n0
_cANA
999 _c205433
_d205433